| 000 | 00466nam a2200169 i 4500 | ||
|---|---|---|---|
| 001 | 108280 | ||
| 003 | ES-MaACL | ||
| 005 | 20230906184620.0 | ||
| 007 | t| | ||
| 008 | 061121s1921 fr r ||||1| fre d | ||
| 100 | 1 |
_aMolliard, Marin. _982057 |
|
| 245 | 1 | 0 |
_aNutrition de la plante / _cpar Marin Molliard. |
| 260 |
_aParís : _bGaston Doin, _c1921. |
||
| 300 |
_a2v. : _bil. ; _c19 cm. |
||
| 650 | 4 |
_aPlantas- _xNutrición. _9165419 |
|
| 852 |
_aES-MaACL _jD-4319-20 |
||
| 999 |
_c108280 _d108280 |
||